000 00366nam a2200181Ia 4500
100 _aDenny/ Richard
650 _aMotivation
250 _a3
942 _cBK
366 _f20
654 _amotivate
245 _aMotivate to win
260 _bKogan Page
_aNew Delhi
_c2008
082 _a658.314/DEN
_bDEN
300 _a154
546 _aENGLISH
999 _c24267
_d24267